Loading...
| Beliefs | 0 | 4 | 0 | 1 | 40 | 92 | 118.75 | 0 | 4 | 0.00 | 0.00 |
| Fine Arts - Auditory | 1 | 2 | 0 | 0 | 35 | 99 | 118.67 | 2 | 3 | 0.00 | 0.00 |
| History - European | 0 | 3 | 0 | 0 | 30 | 76 | 97.67 | 3 | 3 | 0.00 | 0.00 |
| History - American | 1 | 2 | 2 | 1 | 25 | 55 | 96.67 | 2 | 3 | 0.00 | 0.00 |
| Fine Arts - Visual | 0 | 2 | 0 | 1 | 20 | 75 | 109.00 | 1 | 2 | 0.00 | 0.00 |
| 0 | 2 | 0 | 1 | 20 | 102 | 119.50 | 0 | 2 | 0.00 | 0.00 | |
| Literature - American | 1 | 0 | 0 | 0 | 15 | 57 | 57.00 | 1 | 1 | 0.00 | 0.00 |
| Other Academic | 0 | 1 | 0 | 0 | 10 | 86 | 86.00 | 1 | 1 | 0.00 | 0.00 |
| Geography | 0 | 1 | 0 | 0 | 10 | 91 | 91.00 | 0 | 1 | 0.00 | 0.00 |
| Other Arts: Visual | 0 | 1 | 0 | 0 | 10 | 111 | 111.00 | 1 | 1 | 0.00 | 0.00 |
| Other Science: Astronomy | 0 | 0 | 1 | 0 | -5 | 0.00 | 0 | 0 | 0.00 | 0.00 |